|
|
|
|
| LEADER |
00000cam a2200000 a 4500 |
| 001 |
vtls011564025 |
| 003 |
SK-MaSNL |
| 005 |
20260301220527.0 |
| 008 |
240318s2016 xo o g f 001 0 slo |
| 015 |
|
|
|a SNBA2016/08
|
| 020 |
|
|
|a 9788055148649
|q (brož.)
|
| 035 |
|
|
|a 55422467-C6FD-4AE9-94B0-4D5681B498A7
|
| 035 |
|
|
|a urn:nbn:sk:snk-amthid
|
| 035 |
|
|
|a urn:nbn:sk:snk-am00bpk1
|
| 040 |
|
|
|a SNK
|b slo
|c SNK
|e AACR2
|
| 041 |
1 |
|
|a slo
|h ger
|
| 044 |
|
|
|a xo
|c SK
|
| 072 |
|
7 |
|a 641
|x Kuchárstvo. Potraviny. Varené jedlá
|2 konspekt
|
| 080 |
|
|
|a 641.526.3
|2 2011
|
| 080 |
|
|
|a (083.12)
|2 2011
|
| 080 |
|
|
|a (035)
|2 2011
|
| 080 |
|
|
|a 641.55
|2 2011
|
| 080 |
|
|
|a 641.55: 637.5
|2 2011
|
| 100 |
1 |
|
|a Purviance, Jamie
|4 aut
|9 607796
|
| 240 |
1 |
0 |
|a Weber's Steak
|l Slovensky
|
| 245 |
1 |
0 |
|a Weber grilovanie
|b steaky
|c Jamie Purviance ; fotografie: Tim Turner ; [z nemeckého originálu preložila Katarína Halčinová]
|
| 246 |
3 |
0 |
|a Steaky
|
| 250 |
|
|
|a 1. vyd.
|
| 260 |
|
|
|a Bratislava
|b Ikar - Príroda
|c 2016
|
| 300 |
|
|
|a 144 s.
|b fareb. fotogr.
|c 24 cm
|
| 490 |
1 |
|
|a Príroda
|
| 500 |
|
|
|a Obálkový podnázov: najlepšie recepty na grile s mäsom i bez mäsa
|
| 504 |
|
|
|a Register
|
| 650 |
0 |
7 |
|a grilovanie
|2 SNKPH
|9 73444
|
| 650 |
0 |
7 |
|a príprava jedál
|2 SNKPH
|9 57003
|
| 650 |
0 |
7 |
|a Grilling
|2 SNKPHeng
|9 320037
|
| 650 |
0 |
7 |
|a Steaks
|2 SNKPHeng
|9 418589
|
| 650 |
0 |
7 |
|a Meals preparation
|2 SNKPHeng
|9 304684
|
| 650 |
0 |
7 |
|a steaky
|2 SNKPH
|9 418587
|
| 655 |
|
7 |
|a kuchárske recepty
|2 SNKPH
|9 70493
|
| 655 |
|
7 |
|a príručky
|2 SNKPH
|9 74364
|
| 655 |
|
7 |
|a Cookbooks
|2 SNKPHeng
|9 270340
|
| 655 |
|
7 |
|a Handbooks, manuals, etc.
|2 SNKPHeng
|9 90964
|
| 700 |
1 |
|
|a Turner, Tim
|4 pht
|9 607797
|
| 700 |
1 |
|
|a Halčinová, Katarína
|4 trl
|9 44087
|
| 830 |
|
0 |
|a Príroda
|9 286715
|
| 852 |
|
|
|a Štátna vedecká knižnica v Banskej Bystrici
|
| 919 |
|
|
|a 978-80-551-4864-9
|
| 958 |
|
|
|a OP
|
| 968 |
|
|
|b DT
|
| 999 |
|
|
|c 932142
|d 934072
|
| 952 |
|
|
|a SNK
|b SNK
|y PREZ
|7 0
|p 17A1208117
|o snkSC 170585
|i snk2016/16857
|8 0
|0 0
|1 0
|4 0
|d 2016-07-07
|f 1
|l 0
|r 2025-09-08 00:00:00
|w 2026-02-24
|
| 952 |
|
|
|a SNK
|b SNK
|y VYP
|7 0
|p 17A1208118
|o snkSC 170585 D1
|i snk2016/16858
|8 0
|0 0
|1 0
|4 0
|d 2016-07-07
|l 0
|r 2026-02-24 08:52:34
|w 2026-02-24
|